Thanh toán quốc tế
Tổng quan về thanh toán quốc tế; Tỉ giá hối đoái; Thị trường hối đoái; Các công cụ thanh toán quốc tế; Các phương thức thanh toán quốc tế; Bảo lãnh và tín dụng thư dự phòng trong thanh toán quốc tế.......
محفوظ في:
| المؤلف الرئيسي: | |
|---|---|
| التنسيق: | كتاب |
| اللغة: | Undetermined |
| منشور في: |
Hà Nội
Lao động - Xã hội
2014
|
| الموضوعات: | |
| الوسوم: |
إضافة وسم
لا توجد وسوم, كن أول من يضع وسما على هذه التسجيلة!
|
| Thư viện lưu trữ: | Trung tâm Học liệu Trường Đại học Cần Thơ |
|---|
| LEADER | 01005nam a2200205Ia 4500 | ||
|---|---|---|---|
| 001 | CTU_202050 | ||
| 008 | 210402s9999 xx 000 0 und d | ||
| 020 | |c 186000 | ||
| 082 | |a 332.15 | ||
| 082 | |b T311 | ||
| 100 | |a Thân, Tôn Trọng Tín | ||
| 245 | 0 | |a Thanh toán quốc tế | |
| 245 | 0 | |c Thân Tôn Trọng Tín (chủ biên), Lê Thị Mận | |
| 260 | |a Hà Nội | ||
| 260 | |b Lao động - Xã hội | ||
| 260 | |c 2014 | ||
| 520 | |a Tổng quan về thanh toán quốc tế; Tỉ giá hối đoái; Thị trường hối đoái; Các công cụ thanh toán quốc tế; Các phương thức thanh toán quốc tế; Bảo lãnh và tín dụng thư dự phòng trong thanh toán quốc tế.... | ||
| 650 | |a International payment,International economic relations,Thanh toán quốc tế,Quan hệ kinh tế quốc tế | ||
| 904 | |i Nguyên | ||
| 980 | |a Trung tâm Học liệu Trường Đại học Cần Thơ | ||